00412cam a22001097a 4500008004000000082002000040245011400060260004300174300001000217650001000227700006500237180718b1957 xxu||||| |||| 00| 0 eng d aG295x54 In2/Nat aA selection from questions and answers in Lok Sabhacby Ministry of Natural Resources and Scientific Research aNew DelhibLok Sabha Secretariatc1957 a162+p aAPPPA aIndia. Ministry of Natural Resources and Scientific Research